000 00312nam a2200133Ia 4500
008 240624s9999 xx 000 0 und d
041 _aeng
082 _a823 JAM
100 _aJAMES E L
245 _aFIFTY SHADES DARKER
260 _c2012
_aAustralia
_bArrow Books
300 _a532p. ; 20cm.
365 _cRS
_b25
999 _c19893
_d19893